| 000 | 00483nam a2200157Ia 4500 | ||
|---|---|---|---|
| 008 | 210716s2005 xx 000 0 und d | ||
| 020 | _a8178294591 | ||
| 041 | _aeng | ||
| 082 | _a001.43 POLM | ||
| 100 | _aPolonsky, Michael Jay;Waller, David S. | ||
| 245 |
_aDesigning and managing a research project: a business students guide. _bBusiness students guide. |
||
| 250 | _a1 | ||
| 260 |
_aNew Delhi _bResponse Books _c2005 |
||
| 300 | _axi,232/2009 | ||
| 650 | _aResearch Methodology | ||
| 999 |
_c205899 _d205899 |
||